| 000 | 01003cam a2200169 4500500 | ||
|---|---|---|---|
| 005 | 20260201094433.0 | ||
| 041 | _afre | ||
| 042 | _adc | ||
| 100 | 1 | 0 |
_aAdwan, Sami _eauthor |
| 700 | 1 | 0 |
_aBar-On, Dan _eauthor |
| 245 | 0 | 0 | _aHistoire de l'Autre |
| 260 | _c2005. | ||
| 500 | _a69 | ||
| 520 | _aResumé Sami Adwan, palestinien, enseigne l’éducation à l’Université de Bethléem. Dan Bar-On, israélien, enseigne la psychologie à l’Université Ben Gourion de Beer-Sheva. Ensemble, ils ont fondé et dirigent Prime, « Peace Research Institute of the Middle East ». Leur projet « Learning Each Other’s historical Narrative » porte sur l’enseignement de l’histoire du Proche-Orient aux élèves Israéliens et Palestiniens. Propos recueillis par Clémence Bosselut et Stephan Clauss, volontaires en Palestine. | ||
| 786 | 0 | _nRevue Projet | 289 | 6 | 2005-06-01 | p. 4-12 | 0033-0884 | |
| 856 | 4 | 1 | _uhttps://shs.cairn.info/revue-projet-2005-6-page-4?lang=fr&redirect-ssocas=7080 |
| 999 |
_c1640766 _d1640766 |
||